Les prénoms en B du plan de Paris - Statistiques

Statistiques générales
  • Ce quiz a été pris 16 fois
  • Le résultat moyen est 7 sur 20
Statistiques - réponses
Arrondissement Indice Nom Prénom % Correct
16e Homme politique Franklin Benjamin
83%
18e Ecrivain / Poète Vian Boris
75%
19e Ecrivain / Poète Constant Benjamin
67%
3e Religieux de Clairvaux Bernard
58%
17e Artiste peintre Buffet Bernard
58%
6e Potier Palissy Bernard
58%
9e Auteur-Compositeur Coquatrix Bruno
58%
14e Troubadour de Ventadour Bernard
33%
13e Valet de chambre Renard Baptiste
25%
20e Syndicaliste Frachon Benoît
25%
17e Homme politique Lafay Bernard
25%
16e Compositeur Godart Benjamin
17%
3e Ecrivain / Poète Lazare Bernard
17%
16e Militaire Duperier Bernard
17%
5e Médecin Halpern Bernard
17%
19e Médecin Tétu Bernard
8%
12e Journaliste Lecache Bernard
8%
6e Artiste peintre Desgoffe Blaise
8%
5e Ecrivain / Poète Fondane Benjamin
0%
1er Bourgeois de Paris Poirée Bertin
0%
Aucun quiz correspondant
Distribution des résultats
% des personnes avec chaque résultat
Percentile par nombre de réponses
Votre historique - résultats
Vous n’avez pas pris ce quiz